Manažeři pod tlakem
Práca manažérov podniku pod neustálym tlakom. Chybné rozhodnutia manažmentu zapríčiňujúce vysoké náklady a platobnú neschopnosť. Podstatná chyba manažérov - hľadanie vzorov. Úloha poradcov podniku. Zavedenie zmien, získanie dôvery a vytvorenie správnej atmosféry.
Salvato in:
| Autore principale: | |
|---|---|
| Natura: | Capitolo di libro |
| Lingua: | ceco |
| Soggetti: | |
| Tags: |
Nessun Tag, puoi essere il primo ad aggiungerne!!
|
MARC
| LEADER | 00000naa$a2200000$$$4500 | ||
|---|---|---|---|
| 001 | 0022622 | ||
| 005 | 20231106121711.7 | ||
| 041 | 0 | |a cze | |
| 044 | |a CZ | ||
| 245 | 1 | 0 | |a Manažeři pod tlakem |c Nataša Kamešová |
| 520 | |a Práca manažérov podniku pod neustálym tlakom. Chybné rozhodnutia manažmentu zapríčiňujúce vysoké náklady a platobnú neschopnosť. Podstatná chyba manažérov - hľadanie vzorov. Úloha poradcov podniku. Zavedenie zmien, získanie dôvery a vytvorenie správnej atmosféry. | ||
| 610 | 2 | 0 | |a riadenie podnikové |
| 610 | 2 | 0 | |a manažment |
| 610 | 2 | 0 | |a manažéri |
| 610 | 2 | 0 | |a riadenie strategické |
| 610 | 2 | 0 | |a poradcovia |
| 100 | 1 | |a Kamešová, Nataša | |